Word Ladder: Almost the End of Lent Quiz Stats

 Plays Quiz Updated Mar 20, 2016

Score 0/15 Timer 02:00
0 Plays Today
Clue 4-Letter Word % Correct
5,280 feetMILE
94.1%
Green citrus fruitLIME
93.1%
Silent performerMIME
91.9%
Light in colorPALE
91.2%
✞ One week before Easter: ____ Sunday ✞✞ PALM ✞
89.9%
Bull, boar, or buck, e. g.MALE
89.3%
Gentle, moderateMILD
88.9%
Ore depositMINE
87.4%
Clue 4-Letter Word % Correct
A terrible thing to wasteMIND
85.9%
Big African catLION
85.4%
Friendly, considerateKIND
84.3%
Chinese dynasty or 'Merciless' Flash Gordon villainMING
83.9%
✞ The Coming of the ____ of [Rung 15] ✞✞ KING ✞
80%
To outline in detailLIMN
71.8%
✞ The Coming of The [Rung 8] of ____✞ ZION ✞
46.5%

Today's Daily Dose

Missing Word
Twenty One Pilots

Word Ladder
Van Halen Song

Quick Pick
'P' Literature

You're not logged in!

Compare scores with friends on all Sporcle quizzes.
OR
Log In

Show Comments

Extras

Top Quizzes Today


Score Distribution

Your Account Isn't Verified!

In order to create a playlist on Sporcle, you need to verify the email address you used during registration. Go to your Sporcle Settings to finish the process.

Report this User

Report this user for behavior that violates our Community Guidelines.

Details: